Vodafone pomáha ženám zapojit se po rodičovské na trh práce
Materstvo verzus trh práce. Nový globálny program ReConnect, ktorý pomôže ženám po dlhšej pracovnej pauze znovu naštartovať úspešnú kariéru.
Salvato in:
| Natura: | Capitolo di libro |
|---|---|
| Lingua: | ceco |
| Soggetti: | |
| Tags: |
Nessun Tag, puoi essere il primo ad aggiungerne!!
|
MARC
| LEADER | 00000naa a2200000 4500 | ||
|---|---|---|---|
| 001 | 0229231 | ||
| 005 | 20170410134923.8 | ||
| 041 | 0 | |a cze | |
| 044 | |a CZ | ||
| 245 | 1 | 0 | |a Vodafone pomáha ženám zapojit se po rodičovské na trh práce |
| 520 | |a Materstvo verzus trh práce. Nový globálny program ReConnect, ktorý pomôže ženám po dlhšej pracovnej pauze znovu naštartovať úspešnú kariéru. | ||
| 610 | 2 | 0 | |a ženy |
| 610 | 2 | 0 | |a materstvo |
| 610 | 2 | 0 | |a dovolenka materská |
| 610 | 2 | 0 | |a trh práce |